000 00352nam a2200121Ia 4500
008 180309s9999 xx 000 0 und d
020 _a9719238208
100 _aDr. Wilkinson, Bruce H.
245 4 _aThe prayer breaking through to the blessed life of Jabez /
260 _aQuezon City :
_b2000
_cMultomah Pub
300 _a86 pages
650 _aReligion
999 _c356114
_d356114